Choosing environmental policy comparing instruments and outcomes in the United States and Europe

Guardado en:
Detalles Bibliográficos
Otros Autores: Harrington, Winston, Morgenstern, Richard D., Sterner, Thomas
Formato: Libro
Lenguaje:inglés
Publicado: Washington, DC Resources for the Future 2004
Materias:
Etiquetas: Agregar Etiqueta
Sin Etiquetas, Sea el primero en etiquetar este registro!

MARC

LEADER 00000nam a2200000 4500
001 0226727
005 20240315115423.3
020 |a 1-891853-88-0 (pbk) 
020 |a 1-891853-87-2 (hbk) 
041 0 |a eng 
044 |a US 
245 1 0 |a Choosing environmental policy  |b comparing instruments and outcomes in the United States and Europe  |c edited by: Winston Harrington, Richard D. Morgenstern, Thomas Sterner 
264 1 |a Washington, DC  |b Resources for the Future  |c 2004 
300 |a 283 s. 
610 2 0 |a politika environmentálna 
610 2 0 |a ekonomika environmentálna 
610 2 0 |a nástroje ekonomické 
610 2 0 |a porovnanie medzinárodné 
610 2 0 |a USA 
610 2 0 |a Európa 
700 1 |a Harrington, Winston 
700 1 |a Morgenstern, Richard D. 
700 1 |a Sterner, Thomas